000 00628nam a2200217 i 4500
001 146669
003 ES-MaACL
005 20230906201628.0
007 t|
008 070914s1979 sp ||||1| cat d
080 _a804.9.9(04)
245 0 0 _aTreballs de sociolingüística catalana
_b: 2 /
_c[Lluís V. Aracil y otros].
260 _aValència :
_b[Eliseu Climent],
_c1979.
300 _a158 p. ;
_c23 cm.
490 1 _aTres y Quatre
650 1 4 _aLengua catalana.
_914096
700 1 _aAracil, Lluís V.
_922151
830 0 _aTres y Quatre
_9220873
852 _aES-MaACL
_jL-1960
_bR.100078
999 _c146669
_d146669